000 nam a22 a 4500
999 _c4307
_d4307
003 AKMAL
005 20170526161844.0
008 170526s2010 my e l 000 0 eng d
020 _a9789678918534 (pbk.) :
_cRM19.50
040 _cAKMAL
082 0 4 _a346.59502 MAL
_222
090 0 0 _a346.59502
_bMAL
110 1 _aMalaysia
_9400
240 1 0 _aAkta Kanun Keseksaan
_lEnglish
245 1 0 _aPenal code (Act 574) :
_b(as at 10th June 2010) /
_ccompiled by : Legal Research Board
260 _aPetaling Jaya :
_bInternational Law Book Services,
_c2010
300 _a201p. ;
_c24cm.
490 1 _aLaws of Malaysia
650 1 0 _aCriminal law
_zMalaysia
_93716
650 2 0 _aPunishment
_zMalaysia
_98388
710 2 _aLembaga Penyelidikan Undang-Undang
_98393
830 0 _aLaws of Malaysia
_91830
942 _2ddc
_cBOOK